000 00633nam a2200229Ia 4500
008 101110s9999 xx 000 0 und d
041 _aENGLISH
082 _bSR32817
100 _aJain Anil K.
245 _aFundamentals of digital image processing
260 _c2001
_bPrentice Hall of India, New delhi
300 _a569
365 _b225
520 _aComputer
520 _aSent to Computer Science Dept., Dt.3/11/09
546 _aENGLISH
630 _aFundamentals of digital image processing
650 _aComputer
655 _aComputer
730 _aFundamentals of digital image processing
942 _cBOOK
999 _c825318
_d825315